000 00432nam a2200169Ia 4500
003 GCL
008 140319s9999 xx 000 0 eng d
040 _aGCL /
_cGCL
082 0 4 _aCH
_b823.087
_bM O
100 1 _aMORGAN, MICHAEL D.
245 1 0 _aTHE ONLY CHILD IN HAMELIN TOWN /
_cMORGAN, MICHAEL D.
260 _a[S.N] :
_bLONGMAN
650 0 4 _aSTORIES
650 0 4 _aCHILDREN
650 0 4 _aCHILDREN - STORIES
942 _2ddc
_cBK
999 _c23913
_d23913